Quizzes
Events
Quiz Creation
Community
Videos
Private Events
Remove Ads
Sign In
Join for FREE
Feedback
Dark Mode
Quiz Categories
Sports
Geography
Music
Movies
Television
Just For Fun
Miscellaneous
History
Literature
Language
Science
Gaming
Entertainment
Religion
Holiday
For Kids
Quiz Lab
Recent
Popular Today
Quiz Kudos Today
Editor Picks
Curator Picks
Quizzes by...
Day
Popularity
Type
Ratings
Length
Year
Community
Subscriptions
Recent Discussions
Orange Saloon
Badges
Playlists
Quests
Create
Leaderboards
Showdown
Live 5
Trivia Bingo
Activity
Puzzle Library
Sporcle Events
Private Events
Virtual Trivia
Globe League
Become a Host
Pub Owners
SporcleCon
Opinionation
Our Games
Videos
Blog
Mobile Apps
Partnerships
Remove Ads and Go Orange
Feedback
Sports
Athletes
MLB
NBA
NHL
NFL
Soccer
Sports Teams
WWE
NCAA
Football
Premier League
Basketball
Baseball
Hockey
Golf
Tennis
Cricket
Rugby
Auto Racing
Olympics
World Cup
Sports
Athletes
MLB
NBA
NHL
NFL
Soccer
Sports Teams
WWE
NCAA
Football
Premier League
Basketball
Baseball
Hockey
Golf
Tennis
Cricket
Rugby
Auto Racing
Olympics
World Cup
Random Quiz
Search Sporcle
×
Quiz Lab
Quiz Lab
Sports
Football
Type in answers that appear in a list
Type in answers that appear in a list
Classic
Best Score? Go Orange.
Mets players who also played for Kansas City Royals Stats
Can you name the Mets players who also played for Kansas City Royals?
By
PaulyVercillo
20m
118 Questions
80 Plays
80 Plays
80 Plays
Comments
Comments
Give Quiz Kudos
Give Quiz Kudos
-
- Ratings
hide this ad
Replay
Link that replays current quiz
Next Quiz
Link to next quiz in quiz playlist
You Got
0%
They Got
Avg Score
29%
Avg Friend Score
Upgrade to see
Score Distribution
Jump to the score distribution portion of the page
Score
0/118
Timer
20:00
0
Plays Today
Position & Mets Years
Players
% Correct
OF, 2020
Billy Hamilton
100%
P, 1992-
95
Bret Saberhagen
82.5%
OF, 1987-
91, 1994
Kevin McReynolds
80%
IF, 2016-
17, 2022
Matt Reynolds
80%
2B-
OF, 1987-
91
Keith Miller
76.3%
P, 2011-
12
Chris Young
75.7%
P, 1987-
92, 2003
David Cone
75%
OF, 2005-
11
Carlos Beltran
73.8%
C, 1986
Ed Hearn
71.3%
OF, 1967
Tommy Davis
68.8%
P, 2012
Ramon Ramirez
68%
C, 1973
Jerry May
67.5%
P, 1986
Rick Anderson
66.3%
P, 2001
Kevin Appier
66.3%
UT, 1987-
91
Gregg Jefferies
66.3%
OF, 1984
Jerry Martin
63.8%
P, 2005, 2006
Roberto Hernandez
63.8%
UT, 2010
Luis Hernandez
63.8%
OF, 2009
Emil Brown
62.5%
P, 1969
Bob Johnson
61.3%
OF, 1991-
93
Vince Coleman
60%
P, 2021
Jacob Barnes
60%
UT, 1984
Ross Jones
58.8%
P, 1997-
2001
Rick Reed
58.8%
SS, 2003
Jay Bell
58.8%
UT, 2003
Rey Sanchez
57.5%
OF, 2006-
08
Endy Chavez
56.3%
OF, 2017
Norichika Aoki
56.3%
C, 1996
Brent Mayne
53.8%
SS, 2009
Angel Berroa
52.5%
OF, 1967, 1969
Amos Otis
51.3%
UT, 1992
Bill Pecota
51.3%
P, 1975-
76
Ken Sanders
50%
P, 1995-
96
Paul Byrd
50%
OF, 2009-
10
Jeff Francoeur
48.8%
C, 2013
John Buck
47.5%
P, 2005
Jose Santiago
47.5%
UT, 1980-
84, 1991
Hubie Brooks
46.3%
C, 1964-
67
Hawk Taylor
45%
C, 1995-
98
Alberto Castillo
45%
Position & Mets Years
Players
% Correct
OF, 2006
Michael Tucker
43.8%
OF, 1997-
99
Brian McRae
42.5%
UT, 1994
Luis Rivera
42.5%
P, 1999-
2001
Glendon Rusch
41.3%
UT, 2005
Jose Offerman
40%
P, 1975-
76
Tom Hall
38.8%
P, 1999
Dan Murray
38.8%
UT, 2004
Wilson Delgado
38.8%
1B, 2005, 2010
Mike Jacobs
38.8%
P, 2014
Kyle Farnsworth
38%
OF, 1997
Gary Thurman
37.5%
P, 1984-
85
Wes Gardner
36.3%
P, 2011-
13
Tim Byrdak
36.3%
2B-
OF, 1989
Juan Samuel
35%
UT, 2000-
04
Joe McEwing
35%
P, 2001-
02
Bruce Chen
33.8%
OF, 1990
Pat Tabler
32.5%
P, 1978-
80
Juan Berenguer
31.3%
P, 1999
Octavio Dotel
31.3%
1B-
OF, 2007
Jeff Conine
30%
P, 1995-
96
Doug Henry
30%
P, 2003
Graeme Lloyd
30%
C, 1966-
77
Jerry Grote
28.8%
P, 2006
Jose Lima
28.8%
P, 1998
Hideo Nomo
27.5%
OF-
1B 2010-
17
Lucas Duda
27.3%
P, 2011
Blaine Boyer
27.3%
P, 2003-
04
Orber Moreno
26.3%
C, 1994-
95, 2006
Kelly Stinnett
26.3%
C, 1983, 1985, 1987
Clint Hurdle
25%
P, 2011-
12
Miguel Batista
25%
P, 2010-
15
Dillon Gee
23.1%
P, 1988
Bob McClure
22.5%
P, 2006
Brian Bannister
22.5%
3B, 1970
Joe Foy
21.3%
C, 2005-
07
Mike Difelice
20%
P, 2009-
10
Elmer Dessens
20%
P, 2007, 2018-
19
Jason Vargas
20%
P, 2012-
13, 2015-
18
Matt Harvey
20%
C, 1998
Tim Spehr
18.8%
Position & Mets Years
Players
% Correct
P, 1994
Doug Linton
15%
P, 2019
Brooks Pounders
14.3%
P, 1981-
82, 1985-
89
Terry Leach
12.5%
OF, 1999
Terrence Long
12.5%
UT, 2001
Desi Relaford
10%
UT, 2007
Ruben Gotay
10%
P, 2002
John Thomson
10%
OF, 2018
Jose Bautista
9.1%
OF, 2013
Rick Ankiel
8.8%
UT, 1998
Craig Paquette
8.8%
OF, 2000
Jon Nunnally
7.5%
P, 1996
Derek Wallace
7.5%
P, 2011
D.J. Carrasco
7.5%
1B, 2005
Doug Mientkiewicz
7.5%
OF, 1998-
99
Jermaine Allensworth
6.3%
C, 1998
Jorge Fabregas
6.3%
P, 2007
Ambiorix Burgos
6.3%
OF, 2007
Chip Ambres
5%
UT, 2006
Eli Marrero
5%
UT, 2004
Jeff Keppinger
5%
P, 1979
Andy Hassler
3.8%
P, 1990`
Dan Schatzeder
3.8%
UT, 1999
Shane Halter
3.8%
P, 2004
Ricky Bottalico
3.8%
P, 2006-
07
Philip Humber
3.8%
P, 1962-
65
Galen Cisco
2.5%
OF-
1B, 1979-
80
Jose Cardenal
2.5%
P, 1994-
95
Jason Jacome
2.5%
P, 1970-
74, 1977
Ray Sadecki
1.3%
UT, 1983
Tucker Ashford
1.3%
P, 2002-
03
Jaime Cerda
1.3%
P, 1974-
75
Jerry Cram
0%
UT, 1967-
69
Bob Heise
0%
P, 1991
Rich Sauveur
0%
P, 1990-
91
Julio Valera
0%
1B, 2004
Craig Brazell
0%
P, 2018
Anthony Swarzak
0%
OF, 2022
Terrance Gore
0%
Quiz Playlist
Details
Report
Send in Message
Add To Playlist
Classic:
Type in answers that appear in a list
Last Updated: Jun 10, 2018
Quiz Scoreboard
CHALLENGE
Sign Up to Join the Scoreboard
Show All
Scores
Hide
Comments
May contain spoilers
Recently Published
NBA Finals Game Top Scorers (2010s)
by flibbidy
Sports
5m
Guess the 'R' Things in 3 Words
by MSUKent
Miscellaneous
3m
Actor to Badly Drawn Movie III
by MoMosMoProblems
Movies
5m
More to Explore
Quiz From the Vault
Featured Blog Post
Where Does Lost Luggage Go?
hide this ad
You Might Also Like...
Tags
City Quiz
Football Quiz
Kansas City
met
Player
Royal
Today's Top Quizzes in Sports
Browse Sports
hide this ad
Today's Top Quizzes in Football
Browse Football
Top Contributed Quizzes in Sports
1
Les joueurs à 100 buts en Ligue 1 Uber Eats
2
2022 World Cup Stars
3
2024 March Madness Bracket
4
Millionaire: NBA Finals Edition
5
Players with Multiple 50 Home Run Seasons
6
Criteria MLB: Left Handed Sluggers
7
Nickname Match: Athletes VI
8
Iconic Moments in Football - Multiple Choice
9
NFL MVPs ordered
10
NBA Championships Per City
Explore More
Trending Topics
NBA
Disney
Anime
Kpop
Harry Potter
Crossword
Marvel
NFL
Pokémon
Song
Puzzle
WWE
Country
Soccer
The Office
hide this ad
More By:
PaulyVercillo
Quiz
Plays
Rating
Category
Featured
Created
SNL Cast Members
65,360
4.67
Television
Oct 2, 2009
WWE PPV Wrestlers Debuts 2010-2016
6,184
3.38
Sports
Oct 26, 2009
WWE PPV Wrestlers Debuts 1985-1996
5,587
3.89
Sports
Oct 25, 2009
New York Mets Debuts 2015-2023
1,844
4.00
Sports
Mar 21, 2010
WWE PPV Wrestlers Debuts 1997-2009
1,789
2.57
Sports
Oct 25, 2009
Go to Creator's Profile
Score Distribution
Quiz Creator Spotlight
PaulyVercillo
Follow
Send a Message
Quizzes Created
-
Created Quiz Play Count
-
More By This Creator
Popular Quizzes Today
1
Find the US States - No Outlines Minefield
2
Find the US States
3
The Countries of the World
4
10 Largest US States in Order
5
Find the Countries of Europe - No Outlines Minefield
6
US States
7
Guess the 'R' Things in 3 Words
8
NBA Finals Game Top Scorers (2010s)
More Sports Quizzes
Cover the Alphabet - NHL Teams
Published
Trending Quizzes
First Name TV: Leading Men
First Name TV: Leading Women Drama
Match the Book to the Film II
Pick A Pair: Religious TV
Match the Book to the Film VI
Recently Updated
Women's Final Four Teams by Year
bhenderson79
Presidents Quartet II
eogle
Anything But Clue(do)
eogle
Anything But Oceanian Capitals
eogle
Anything But 7
eogle
Anything But Thing
eogle
Word Ladder: February 29
pecheneg
Song Title Questions
pecheneg
Women's NCAA Tournament #1 Seeds
pecheneg
Celebrity Mug Shots
pecheneg
Trending Topics
Anime
Kpop
Marvel
Harry Potter
NBA
Disney
Crossword
Song
WWE
Puzzle
Soccer
NFL
Country
Pokémon
The Office
Your Account Isn't Verified!
In order to create a playlist on Sporcle, you need to verify the email address you used during registration. Go to your
Sporcle Settings
to finish the process.
Report this User
Report this user for behavior that violates our
Community Guidelines
.
Details:
Send Report
Go to the Sporcle.com Mobile Site →
Comments